000 00433nam a2200181Ia 4500
008 240925s9999 xx 000 0 und d
020 _aNA
082 _a380 KCC
100 _aK C C I
245 0 _aKarachi Chamber of Commerce and Industry
250 _aNA
260 _aKarachi:
_bKCCI
_c,2006.
300 _axvi,624p.
_b1
_fPhotocopy
500 _aNA
600 _aSocial Sciences
650 _aSocial Sciences
942 _cBK
999 _c9835
_d9835